000 00222nam a22001097a 4500
082 _a494
_bMAP/N
245 _aNIBHANDHOM KAA GAJANA
260 _aNOIDA
_bMAPLE PRESS
300 _a300
650 _aESSAY
_zNOIDA
942 _cBK
999 _c4490
_d4490